Państwa wyspiarskie - nagła śmierć - Statystyki

Ogólne statystyki
  • Ten quiz został rozwiązany 77 razy
  • Średni wynik to 11 z 16
Answers on the Grid
Answers color-coded by a green-red scale on the quiz's grid according to % correct below.
Somalia
Bahrajn
Monako
Cypr
Haiti
Antigua i Barbuda
Burundi
Madagaskar
Irlandia
Belize
Mikronezja
Kuwejt
Dżibuti
Vanuatu
Gabon
Dominika
Uganda
Mjanma
Tajwan
Surinam
Rwanda
Trynidad i Tobago
Komory
Liban
Katar
Tajlandia
Mauritius
Kirgistan
Grenada
Tuvalu
Tonga
Gambia
 
Statystyki odpowiedzi
Odpowiedź % Poprawnych
Haiti
85%
Madagaskar
85%
Cypr
83%
Irlandia
80%
Antigua i Barbuda
78%
Dominika
78%
Trynidad i Tobago
71%
Tuvalu
71%
Mikronezja
66%
Vanuatu
66%
Grenada
63%
Komory
63%
Mauritius
63%
Tajwan
63%
Tonga
63%
Bahrajn
56%
Nie znaleziono quizów pasujących do podanych kryteriów
Rozkład punktacji
Procent ludzi z każdym wynikiem
Percentyl według liczby udzielonych odpowiedzi
Twoja historia wyników
Nie rozwiązałeś tego quizu